Resistencias para la paz en Colombia : significados, expresiones y alcances (Registro nro. 526107)
[ vista simple ]
| 001 - NÚMERO DE CONTROL | |
|---|---|
| campo de control | 1166439 |
| 005 - FECHA Y HORA DE LA ÚLTIMA TRANSACCIÓN | |
| campo de control | 20240718090102.0 |
| 008 - DATOS DE LONGITUD FIJA--INFORMACIÓN GENERAL | |
| campo de control de longitud fija | 090903s2009 spa |
| 035 ## - NÚMERO DE CONTROL DEL SISTEMA | |
| Número de control de sistema | 1166439 |
| 035 ## - NÚMERO DE CONTROL DEL SISTEMA | |
| Número de control de sistema | (OCoLC)820496583 |
| 040 ## - FUENTE DE LA CATALOGACIÓN | |
| Centro/agencia transcriptor | comduadb |
| 041 ## - CÓDIGO DE LENGUA | |
| Código de lengua del texto/banda sonora o título independiente | spa |
| 100 10 - ENTRADA PRINCIPAL--NOMBRE DE PERSONA | |
| Nombre de persona | Hernandez Delgado, Esperanza |
| Código de función | aut |
| Término indicativo de función/relación | Autor/a |
| 9 (RLIN) | 332887 |
| 245 10 - MENCIÓN DE TÍTULO | |
| Título | Resistencias para la paz en Colombia : significados, expresiones y alcances |
| 260 ## - PUBLICACIÓN, DISTRIBUCIÓN, ETC. | |
| Fecha de publicación, distribución, etc. | 2009. |
| 520 3# - SUMARIO, ETC. | |
| Sumario, etc. | Este artículo presenta un panorama de los diferentes significados de la resistencia civil, sus manifestaciones, alcances y desafíos en Colombia, caracterizando estas experiencias como resistencias para la paz. Se soporta en diez años de investigación para la paz y recoge apartes de la investigación tutelada realizada por la autora en sus estudios de doctorado en "Paz, conflicto y democracia" en la Universidad de Granada, España, bajo la dirección de Francisco A. Muñoz. |
| 650 #7 - PUNTO DE ACCESO ADICIONAL DE MATERIA--TÉRMINO DE MATERIA | |
| Término de materia o nombre geográfico como elemento de entrada | Resistencia civil |
| Fuente del encabezamiento o término | lemb |
| 9 (RLIN) | 1128 |
| 650 #7 - PUNTO DE ACCESO ADICIONAL DE MATERIA--TÉRMINO DE MATERIA | |
| Término de materia o nombre geográfico como elemento de entrada | Cultura de paz |
| Fuente del encabezamiento o término | lemb |
| 9 (RLIN) | 23205 |
| 773 0# - ENLACE AL DOCUMENTO FUENTE/ENTRADA DE REGISTRO ANFITRIÓN | |
| Título | Reflexión Política (Bucaramanga) |
| Parte(s) relacionada(s) | Volumen 11, Número 21, Junio 2009, p. 140-151 |
| Número de control del registro | 645959 |
| Número Internacional Normalizado para Publicaciones Seriadas | 0124-0781 |
| Número bibliográfico anfitrión | 191867 |
| 856 4# - LOCALIZACIÓN Y ACCESO ELECTRÓNICOS | |
| Identificador Uniforme del Recurso | <a href="http://revistas.unab.edu.co/index.php?journal=reflexion&page=article&op=view&path%5B%5D=497">http://revistas.unab.edu.co/index.php?journal=reflexion&page=article&op=view&path%5B%5D=497</a> |
| 942 ## - ELEMENTOS DE ENTRADA AGREGADA (KOHA) | |
| Tipo de ítem Koha | Artículo de Revista |
No hay ítems disponibles.